Sports Quiz

Random Sports or NBA Quiz

Portland Trail Blazers All-Time Leaders Quiz Stats

 Plays Quiz Updated May 17, 2018

Challenge
Share
Tweet
Embed
Score 0/50 Timer 08:00
0 Plays Today
Category Player % Correct
PointsClyde Drexler
90.8%
ReboundsClyde Drexler
90.8%
AssistsClyde Drexler
90.8%
StealsClyde Drexler
90.8%
BlocksClyde Drexler
90.8%
PointsLaMarcus Aldridge
78.6%
ReboundsLaMarcus Aldridge
78.6%
BlocksLaMarcus Aldridge
77.7%
BlocksBill Walton
74.2%
PointsRasheed Wallace
68.6%
ReboundsRasheed Wallace
68.6%
StealsRasheed Wallace
68.6%
BlocksRasheed Wallace
68.6%
PointsTerry Porter
64.2%
AssistsTerry Porter
64.2%
StealsTerry Porter
64.2%
AssistsDamian Lillard
48%
ReboundsBuck Williams
47.6%
ReboundsArvydas Sabonis
44.1%
BlocksArvydas Sabonis
44.1%
AssistsDamon Stoudamire
43.8%
StealsDamon Stoudamire
43.8%
PointsClifford Robinson
43.3%
ReboundsClifford Robinson
43.3%
StealsClifford Robinson
43.3%
Category Player % Correct
BlocksClifford Robinson
43.3%
PointsJerome Kersey
43.2%
ReboundsJerome Kersey
43.2%
AssistsJerome Kersey
43.2%
StealsJerome Kersey
43.2%
BlocksJerome Kersey
43.2%
PointsDamian Lillard
24.6%
AssistsRod Strickland
19.8%
PointsMychal Thompson
19.4%
ReboundsMychal Thompson
19.4%
AssistsMychal Thompson
19.4%
BlocksMychal Thompson
19.4%
PointsGeoff Petrie
17.8%
AssistsGeoff Petrie
17.8%
PointsJim Paxson
16.8%
AssistsJim Paxson
16.8%
StealsJim Paxson
16.8%
StealsLionel Hollins
15.7%
ReboundsSidney Wicks
14.1%
BlocksJoel Przybilla
13.9%
StealsBob Gross
8.8%
AssistsLarry Steele
7.9%
StealsLarry Steele
7.9%
BlocksWayne Cooper
7%
ReboundsLloyd Neal
6.1%

You're not logged in!

Compare scores with friends on all Sporcle quizzes.
OR
Log In

You Might Also Like...

Show Comments

Extras

Top Quizzes Today


Score Distribution

Your Account Isn't Verified!

In order to create a playlist on Sporcle, you need to verify the email address you used during registration. Go to your Sporcle Settings to finish the process.

Report this User

Report this user for behavior that violates our Community Guidelines.

Details: